Guia del Parc Natural de Sant Llorenç del Munt i l'Obac / guió i redacció: Gonçal Luna Gonçal Luna
ISBN:
84-7794-862-3
Descripción Física:
173 p. : il., map. ; 23 cm
Colección:
Guies dels parcs ; 2
MARC
| LEADER | 00000nam a2200000Ia 4500 | ||
|---|---|---|---|
| 001 | 14144 | ||
| 008 | 160829s2002 xx 000 0 cat d | ||
| 020 | |a 84-7794-862-3 | ||
| 080 | |a H-2-145 | ||
| 100 | |a Luna, Gonçal |9 456 | ||
| 245 | |a Guia del Parc Natural de Sant Llorenç del Munt i l'Obac / guió i redacció: |b Gonçal Luna | ||
| 260 | |a [Barcelona] : |b Institut d'Edicions de la Diputació de Barcelona, |c 2002 | ||
| 300 | |a 173 p. : |b il., map. ; |c 23 cm | ||
| 490 | |a Guies dels parcs ; 2 | ||
| 590 | |a Variant del títol a la coberta: Parc Natural de Sant Llorenç del Munt i l'Obac. | ||
| 590 | |a Bibliografia. | ||
| 590 | |a Índex | ||
| 610 | 1 | 0 | |a Parc Natural de Sant Llorenç del Munt i l'Obac (Catalunya) |v Guies |9 52718 |
| 901 | |a Arxiu | ||
| 942 | |n 1 | ||
| 952 | |0 0 |1 0 |4 0 |6 H2145 |7 1 |9 43447 |a Arxiu |b Arxiu |d 2016-12-01 |l 0 |o H-2-145 |p 14144 |r 2016-12-01 00:00:00 |w 2016-12-01 |y ARXIU | ||
| 999 | |c 45993 |d 45993 | ||